[Event "Sueca op 7th"]
[Site "Sueca"]
[Date "2023.08.13"]
[Round "9"]
[White "Diaz Benitez, Ricardo"]
[Black "Bertomeu Ginestar, Antoni"]
[Result "0-1"]
[WhiteElo "1958"]
[BlackElo "1982"]
[PlyCount "72"]
[EventDate "2023.08.07"]
[EventType "swiss"]
[EventRounds "9"]
[EventCountry "ESP"]
[SourceTitle "CBM 215 Extra"]
[Source "ChessBase"]
[SourceDate "2023.09.30"]
[SourceVersion "1"]
[SourceVersionDate "2023.09.30"]
[SourceQuality "1"]

1. d4 Nf6 2. Nf3 e6 3. Bf4 c5 4. c3 b6 5. e3 Bb7 6. Nbd2 cxd4 7. exd4 Be7 8. h3 0-0 9. Bd3 d6 10. 0-0 Nbd7 11. Qe2 Qc7 12. a4 a6 13. Rfc1 Rfe8 14. Bg3 Bf8 15. Nc4 Nd5 16. Ng5 N7f6 17. Ne5 dxe5 18. dxe5 Qc6 19. exf6 Nxf6 20. Nf3 g6 21. Re1 Bg7 22. Be5 Red8 23. a5 b5 24. Rad1 Rac8 25. Qf1 Nd5 26. Nd4 Qd7 27. Qe2 f6 28. Bg3 e5 29. Nb3 Qc6 30. f3 Rc7 31. Be4 Rcd7 32. Bf2 f5 33. Bxd5+ Rxd5 34. Bb6 R8d6 35. Rxd5 Qxd5 36. Qe3 Qxb3 0-1

[Event "Mislata op 54th"]
[Site "Mislata"]
[Date "2021.08.19"]
[Round "5"]
[White "Bertomeu Ginestar, Antoni"]
[Black "Gonzalez Santamartina, Jorge"]
[Result "1/2-1/2"]
[WhiteElo "1919"]
[BlackElo "2130"]
[PlyCount "43"]
[EventDate "2021.08.16"]
[EventType "swiss"]
[EventRounds "9"]
[EventCountry "ESP"]
[SourceTitle "CBM 203 Extra"]
[Source "ChessBase"]
[SourceDate "2021.09.30"]
[SourceVersion "1"]
[SourceVersionDate "2021.09.30"]
[SourceQuality "1"]

1. e4 e5 2. Nf3 Nc6 3. Bc4 Bc5 4. c3 Nf6 5. d3 d6 6. a4 a6 7. Bg5 h6 8. Bh4 Ba7 9. Nbd2 Qe7 10. 0-0 g5 11. Bg3 Bg4 12. h3 Bd7 13. d4 0-0 14. dxe5 dxe5 15. b4 Nh5 16. Bxe5 Nxe5 17. Nxe5 Qxe5 18. Qxh5 Kg7 19. Qf3 Rad8 20. Bd5 c6 21. Bb3 f5 22. Nc4 1/2-1/2

[Event "Guimaraes op 3rd"]
[Site "Guimaraes"]
[Date "2019.09.01"]
[Round "7"]
[White "Nunes, Eduardo Tavares"]
[Black "Bertomeu Ginestar, Antoni"]
[Result "0-1"]
[WhiteElo "1566"]
[BlackElo "1883"]
[PlyCount "78"]
[EventDate "2019.08.28"]
[EventType "swiss"]
[EventRounds "7"]
[EventCountry "POR"]
[SourceTitle "EXT 2020"]
[Source "ChessBase"]
[SourceDate "2019.10.17"]
[SourceVersion "1"]
[SourceVersionDate "2019.10.17"]
[SourceQuality "1"]

1. e4 c5 2. Nf3 d6 3. d4 cxd4 4. Nxd4 Nf6 5. Nc3 g6 6. Bb5+ Bd7 7. Bxd7+ Nbxd7 8. 0-0 Bg7 9. f4 0-0 10. Kh1 Rc8 11. Be3 a6 12. a4 Qb6 13. Rb1 Qb4 14. f5 Ne5 15. Bg5 Ned7 16. Re1 Rfe8 17. Nb3 Rc4 18. Nd2 Rc5 19. Rf1 e6 20. Bxf6 Nxf6 21. fxg6 hxg6 22. Qf3 Rf8 23. Nb3 Re5 24. Rbe1 Qc4 25. Re2 b5 26. axb5 axb5 27. Nd2 Qc6 28. Qd3 b4 29. Nd1 d5 30. exd5 Rxd5 31. Qb3 Rfd8 32. Qxb4 Qd7 33. Rff2 Rd4 34. Qc3 Ng4 35. Rf3 Rxd2 36. Qxd2 Qxd2 37. Rxd2 Rxd2 38. Nc3 Bxc3 39. h3 Rd1+ 0-1

[Event "Mislata op 53rd"]
[Site "Mislata"]
[Date "2019.08.19"]
[Round "1"]
[White "Macias Pino, Diego"]
[Black "Bertomeu Ginestar, Antoni"]
[Result "1-0"]
[WhiteElo "2126"]
[BlackElo "1883"]
[PlyCount "65"]
[EventDate "2019.08.19"]
[EventType "swiss"]
[EventRounds "9"]
[EventCountry "ESP"]
[SourceTitle "EXT 2020"]
[Source "ChessBase"]
[SourceDate "2019.10.17"]
[SourceVersion "1"]
[SourceVersionDate "2019.10.17"]
[SourceQuality "1"]

1. e4 c5 2. Nc3 Nc6 3. Bb5 g6 4. Bxc6 bxc6 5. f4 d6 6. Nf3 Bg7 7. 0-0 e6 8. d3 Ne7 9. Qe1 0-0 10. Be3 f5 11. Bd2 Re8 12. e5 Nd5 13. exd6 Qxd6 14. Ne5 Ba6 15. Qg3 Nb6 16. Rfd1 Nd7 17. Re1 Rad8 18. Nf3 e5 19. Kh1 exf4 20. Bxf4 Qf8 21. Ng5 Qf6 22. Ne6 Rxe6 23. Bg5 Rxe1+ 24. Rxe1 Qf8 25. Bxd8 Qxd8 26. Qd6 Bf8 27. Qxc6 Nb6 28. Re8 Qd4 29. Ne2 Qd7 30. Qxd7 Nxd7 31. Ra8 Bb7 32. Rxa7 Bc6 33. d4 1-0

[Event "Sueca op 5th"]
[Site "Sueca"]
[Date "2019.07.23"]
[Round "2"]
[White "Bertomeu Ginestar, Antoni"]
[Black "Camarena Gimenez, Rufino"]
[Result "0-1"]
[WhiteElo "1910"]
[BlackElo "2329"]
[PlyCount "146"]
[EventDate "2019.07.22"]
[EventType "swiss"]
[EventRounds "9"]
[EventCountry "ESP"]
[SourceTitle "EXT 2020"]
[Source "ChessBase"]
[SourceDate "2019.10.17"]
[SourceVersion "1"]
[SourceVersionDate "2019.10.17"]
[SourceQuality "1"]

1. e4 e6 2. d4 d5 3. Nd2 Nf6 4. e5 Nfd7 5. Bd3 c5 6. c3 Nc6 7. Ne2 cxd4 8. cxd4 f6 9. exf6 Nxf6 10. Nf3 Qc7 11. 0-0 Bd6 12. g3 0-0 13. Bf4 Bxf4 14. Nxf4 e5 15. dxe5 Nxe5 16. Be2 Rd8 17. Rc1 Nc6 18. Qb3 Qb6 19. Qxb6 axb6 20. a3 h6 21. h4 Bg4 22. Rfd1 Ra4 23. Kg2 Re4 24. Rc2 Rde8 25. Rdd2 R4e7 26. Bb5 Rc8 27. Nd4 Rec7 28. Nde6 Re7 29. Nd4 Rec7 30. Nde6 Rd7 31. f3 Bf5 32. Rc1 Rd6 33. Nd4 Bd7 34. Bf1 Nxd4 35. Rxc8+ Bxc8 36. Rxd4 g5 37. hxg5 hxg5 38. Nd3 Kf7 39. Kf2 Ke7 40. Nb4 Rd8 41. Rd2 g4 42. Bg2 Be6 43. fxg4 Nxg4+ 44. Ke2 Nf6 45. Ke3 Kd6 46. Kd4 Rg8 47. Rd3 Bf5 48. Rf3 Ke6 49. Nd3 Be4 50. Re3 Kd6 51. Re2 Bxd3 52. Kxd3 Rxg3+ 53. Kd4 Rg4+ 54. Kc3 Nd7 55. Rd2 Rg3+ 56. Kc2 Nf6 57. Re2 Ng4 58. Kd2 Ne5 59. Kc2 Nc4 60. Bh1 d4 61. Be4 b5 62. Rh2 Ke5 63. Bh7 b6 64. Rf2 Ne3+ 65. Kd2 Kd5 66. Bd3 Nc4+ 67. Kc2 Ne5 68. Bxb5 d3+ 69. Kd1 Kd4 70. b3 Nf3 71. Rf1 Kc3 72. Bc6 Nd4 73. Bd5 Nc2 0-1